| 000 | 00357nam a22001337a 4500 | ||
|---|---|---|---|
| 082 |
_a947.97 _bBLA _cL-38,P-01 |
||
| 100 |
_aBlanish, Lizli _949357 |
||
| 245 | _aشیر د ا غستا ن | ||
| 260 |
_aRawalpindi, _bArmy Publication Press, _c1996. |
||
| 300 |
_a543p. _c22cm. |
||
| 500 | _aMCE | ||
| 526 |
_a0 _b0 _c0 _d947_970000000000000_BLA |
||
| 942 |
_2ddc _cBK |
||
| 999 |
_c552144 _d552144 |
||